AH International Schools' Libraries

The three bears / (Record no. 48050)

MARC details
000 -LEADER
fixed length control field 00385nam a2200121 4500
020 ## - INTERNATIONAL STANDARD BOOK NUMBER
International Standard Book Number 9780861630790
100 ## - MAIN ENTRY--PERSONAL NAME
Personal name Cloke, Rene,
Relator term Illustrator.
245 ## - TITLE STATEMENT
Title The three bears /
Statement of responsibility, etc Illustrated by Rene Cloke.
260 ## - PUBLICATION, DISTRIBUTION, ETC. (IMPRINT)
Place of publication, distribution, etc London :
Name of publisher, distributor, etc Award Publications Ltd. ;
Date of publication, distribution, etc 1995.
300 ## - PHYSICAL DESCRIPTION
Extent 25 pages.
650 ## - SUBJECT ADDED ENTRY--TOPICAL TERM
9 (RLIN) 58519
Topical term or geographic name as entry element Books : Children's Books : Fairy Tales, Folk Tales & Myths
942 ## - ADDED ENTRY ELEMENTS (KOHA)
Source of classification or shelving scheme
Koha item type Book
Holdings
Withdrawn status Lost status Source of classification or shelving scheme Damaged status Not for loan Home library Current library Date acquired Total Checkouts Full call number Barcode Checked out Date last seen Date checked out Price effective from Koha item type
          Logos International School Logos International School 12/04/2024 2 X CLO 040223 04/09/2026 04/01/2026 04/01/2026 12/04/2024 Book

For any Logos Library related questions please contact Miss Art at swongnarasuk@asianhope.org.

For any Asian Hope Library related questions please contact Miss Raza at graza@asianhope.org.

Powered by Koha